000 00220nam a22000857a 4500
008 170624b xxu||||| |||| 00| 0 eng d
100 _93658
_aDigest. R
245 _aSharks silent hunters of the deep
260 _aAustralia
_c1989
999 _c7067
_d7067